| 000 | 00575nam a2200157Ia 4500 | ||
|---|---|---|---|
| 008 | 191108s9999 xx 000 0 und d | ||
| 020 | _a978-0-138-13755-7 | ||
| 100 | _aFenich, George G. | ||
| 245 |
_cGeorge Fenich.-- _aMeetings, expositions, events, and conventions : _bAn introduction to the industry / |
||
| 250 | _a2nd ed. | ||
| 260 |
_aUpper Saddle River, N.J. : _bPearson/Prentice Hall _c2008. |
||
| 300 |
_aXII, 532 pages : _c23 cm. |
||
| 500 | _aIncludes appendix, glossary and index. | ||
| 650 | _aCongresses and conventions. | ||
| 650 | _aHospitality industry. | ||
| 999 |
_c362552 _d362552 |
||